Enciclopedia Ceac del Encargado de Obras : (Registro nro. 32862)

Detalles MARC
000 -CABECERA
Longitud fija campo de control 00690nam a2200217 a 4500
003 - • IDENTIFICADOR DELl NÚMERO DE CONTROL
Identificador del número de control CO-ViMGA
008 - • CÓDIGOS DE INFORMACIÓN DE LONGITUD FIJA
Códigos de información de longitud fija 141112s2004 ck r 000 u spa d
020 ## - • NÚMERO INTERNACIONAL NORMALIZADO PARA LIBROS
Número Internacional Normalizado para Libros (ISBN) 843292606X
040 ## - FUENTE DE LA CATALOGACIÓN
Centro catalogador de origen CO-ViMGA
Lengua de catalogación spa
Centro transcriptor CO-ViMGA
082 04 - • NÚMERO DE LA CLASIFICACIÓN DECIMAL DEWEY
Número de clasificación (R) 721.2 P769
245 10 - • TITULO PROPIAMENTE DICHO
Título Enciclopedia Ceac del Encargado de Obras :
Resto del título proyectos
250 ## - • MENCIÓN DE EDICIÓN
Mención de edición 3a. ed
300 ## - • DESCRIPCIÓN FÍSICA
Extensión 303 p. : ilus., planos ; 24 cm.
591 ## -
-- 728.1 E52p 3a. ed. 61972 Compra 1984 1869 1869
650 14 - • PUNTO DE ACCESO ADICIONAL DE MATERIA - TÉRMINO DE MATERIA
Término de materia o nombre geográfico como elemento inicial Arquitectura domestica - Diseños y planos
930 ## - EQUIVALENCIA O SECCIÓN-REFERENCIA-TÍTULO ENCABEZAMIENTO UNIFORME [LOCAL, CANADA]
T&íacute;tulo uniforme lch
942 ## - ENTRADA DE ELEMENTOS AGREGADOS (KOHA)
Fuente de clasificaión o esquema Dewey Decimal Classification
Koha [por defecto] tipo de item LIbro
949 ## - TRATAMIENTO DE LA INFORMACIÓN LOCAL (OCLC)
a 728.1 E52p 3a. ed. D.SAMPER LIBRO DEWEY DEWEY COMPRA GENERAL Y Y
Existencias
Perdido Fuente de clasificación o esquema Estado Físico No para préstamo Forma de adquisición Localización permanente Localización actual Fecha adquisición Serie de enumeración / cronolog&íacute;a Préstamos totales Signatura completa Código de barras Fecha última consulta Fecha último préstamo Número de copia Fecha del precio de reemplazo Tipo de item de Koha
  Dewey Decimal Classification     Sala Especializada Tercer Piso Biblioteca Pública Germán Arciniegas - Villavicencio Biblioteca Pública Germán Arciniegas - Villavicencio 12/04/2015 12/sep/2013 2 721.2 P769 26190 04/13/2018 04/02/2018 Ej. 1 12/04/2015 LIbro









Instituto Departamental de Cultura del Meta - Red Departamental de Bibliotecas Públicas del Meta.